[Event "Sportsko leto 2013"]
[Site "Paracin, hotel "]
[Date "2013.07.09"]
[Round "6.32"]
[White "Todorovic, Nenad I"]
[Black "Vucinic, Gojko"]
[Result "1/2-1/2"]
[WhiteElo "2130"]
[BlackElo "2252"]
[PlyCount "79"]
[EventDate "2013.07.05"]

1. e4 c5 2. Nf3 d6 3. d4 cxd4 4. Nxd4 Nf6 5. Nc3 g6 6. Be3 Bg7 7. f3 Nc6 8. Qd2
O-O 9. g4 Nxd4 10. Bxd4 Be6 11. Nd5 Bxd5 12. exd5 e5 13. dxe6 fxe6 14. O-O-O
Ne8 15. Bxg7 Kxg7 16. Bb5 d5 17. f4 Nd6 18. Bd3 Qf6 19. Rhf1 Kh8 20. Rde1 Rae8
21. Qe3 a6 22. h4 b5 23. Qe5 Qxe5 24. Rxe5 Nf7 25. Re3 Nd8 26. a4 bxa4 27. Bxa6
Re7 28. Bb5 Ref7 29. Ref3 e5 30. f5 e4 31. Rf4 h5 32. Bxa4 hxg4 33. f6 Ne6 34.
Rxg4 Rxf6 35. Rxf6 Rxf6 36. c4 Nc5 37. cxd5 Nxa4 38. Rxe4 Rf1+ 39. Kd2 Nc5 40.
Re5 1/2-1/2

[Event "Sportsko leto 2013"]
[Site "Paracin, hotel "]
[Date "2013.07.09"]
[Round "6.33"]
[White "Markovic, Aleksandar"]
[Black "Radovanovic, Nikola"]
[Result "0-1"]
[WhiteElo "2111"]
[BlackElo "2249"]
[PlyCount "116"]
[EventDate "2013.07.05"]

1. e4 c5 2. Nf3 d6 3. d4 cxd4 4. Qxd4 Nc6 5. Bb5 Bd7 6. Bxc6 Bxc6 7. Nc3 Nf6 8.
Bg5 e6 9. O-O-O Be7 10. Rhe1 O-O 11. Kb1 Qa5 12. Qd2 Qb6 13. Nd4 Rfd8 14. f3 a6
15. g4 Qc7 16. Nce2 b5 17. Ng3 Bb7 18. Rg1 Rdc8 19. Nh5 Ne8 20. Bxe7 Qxe7 21.
g5 Rc4 22. Ng3 Rac8 23. h4 Qc7 24. Rg2 d5 25. exd5 Bxd5 26. Rf1 Qa7 27. Nge2
Nd6 28. h5 b4 29. g6 fxg6 30. hxg6 Nb5 31. gxh7+ Kh8 32. Nxb5 axb5 33. Nc1 Rxc2
34. Qxc2 Rxc2 35. Rxc2 Kxh7 36. Rh1+ Kg8 37. Nb3 Bxf3 38. Rc8+ Kf7 39. Rf1 Qb7
40. Rc2 Ke7 41. Rcf2 Be4+ 42. Ka1 Bf5 43. Re1 g6 44. Rfe2 Qd5 45. Re5 Qc4 46.
Na5 Qd3 47. Nc6+ Kf6 48. Nxb4 Qd2 49. a3 g5 50. R5e2 Qf4 51. Nc6 g4 52. Ne5 g3
53. Nd7+ Kg7 54. Nc5 e5 55. Rg1 Bh3 56. Nd3 Qf3 57. Nxe5 Qxe2 58. Rxg3+ Kf6 0-1

[Event "Sportsko leto 2013"]
[Site "Paracin, hotel "]
[Date "2013.07.09"]
[Round "6.34"]
[White "Zarkovic, Mila"]
[Black "Livaja, Mario"]
[Result "0-1"]
[WhiteElo "2070"]
[BlackElo "2225"]
[PlyCount "60"]
[EventDate "2013.07.05"]

1. e4 c5 2. Nf3 Nc6 3. d4 cxd4 4. Nxd4 Nf6 5. Nc3 e5 6. Ndb5 d6 7. Bg5 a6 8.
Na3 b5 9. Nd5 Be7 10. Bxf6 Bxf6 11. c3 Bg5 12. Nc2 O-O 13. a4 bxa4 14. Rxa4 a5
15. Bc4 Rb8 16. b3 Kh8 17. O-O g6 18. Nce3 Bd7 19. Ra2 f5 20. exf5 gxf5 21. Qh5
Rg8 22. f4 exf4 23. Nxf4 Rg7 24. Kh1 Ne5 25. Bd5 Qb6 26. Re2 a4 27. bxa4 Bxf4
28. Nxf5 Rg5 29. Qh4 Rxf5 30. Be4 Bg3 0-1

[Event "Sportsko leto 2013"]
[Site "Paracin, hotel "]
[Date "2013.07.09"]
[Round "6.35"]
[White "Dimic, Pavle"]
[Black "Radovanovic, Mihajlo"]
[Result "1-0"]
[WhiteElo "2218"]
[BlackElo "1878"]
[PlyCount "69"]
[EventDate "2013.07.05"]

1. d4 d5 2. Nf3 e6 3. c4 c5 4. cxd5 exd5 5. g3 Nc6 6. Bg2 Nf6 7. O-O Be7 8. Nc3
O-O 9. Bg5 c4 10. Ne5 Be6 11. e3 h6 12. Bxf6 Bxf6 13. f4 Bxe5 14. fxe5 Qg5 15.
Rf4 Rad8 16. b3 f6 17. exf6 Rxf6 18. bxc4 dxc4 19. Ne4 Qg6 20. Nxf6+ gxf6 21.
Qf1 Kg7 22. Rd1 Bf7 23. Be4 Qg5 24. Qe2 h5 25. Rf5 Qh6 26. Bxc6 bxc6 27. e4 Be6
28. Rxh5 Qg6 29. Rh4 Rb8 30. d5 cxd5 31. exd5 Bf5 32. Rxc4 Re8 33. Rc7+ Kg8 34.
Re7 Rc8 35. Re1 1-0

[Event "Sportsko leto 2013"]
[Site "Paracin, hotel "]
[Date "2013.07.09"]
[Round "6.36"]
[White "Radovic, Luka"]
[Black "Djordjevic, Gradimir"]
[Result "1-0"]
[WhiteElo "2065"]
[BlackElo "2216"]
[PlyCount "133"]
[EventDate "2013.07.05"]

1. c4 e5 2. Nc3 Nc6 3. g3 g6 4. Bg2 Bg7 5. d3 d6 6. e3 Nge7 7. Nge2 O-O 8. O-O
Be6 9. e4 Qd7 10. f4 Bh3 11. Be3 Bxg2 12. Kxg2 f5 13. Qd2 Nd4 14. Rae1 c6 15.
Bg1 Rae8 16. Nxd4 exd4 17. Ne2 c5 18. b4 b6 19. Nc1 Qa4 20. Nb3 Nc6 21. b5 Nb4
22. exf5 gxf5 23. Rb1 a6 24. Nxd4 axb5 25. Nxb5 Qa8+ 26. Rf3 Re7 27. Re1 Rd7
28. d4 Qxa2 29. Qxa2 Nxa2 30. d5 Ra8 31. Re6 Bf8 32. Rf6 Rf7 33. Re6 Rd7 34.
Rf6 Ra4 35. Rf2 Nc1 36. Rc2 Nd3 37. Bf2 Nb2 38. Rxf8+ Kxf8 39. Rxb2 Rxc4 40.
Kf3 Kf7 41. Ke2 Ra4 42. Kd3 Rd8 43. Nc3 Ra6 44. h3 h5 45. Nb5 Ra4 46. Nc3 Ra6
47. Kc4 Ra3 48. Rxb6 Ra1 49. Nb5 Ke7 50. Kd3 Rd1+ 51. Kc4 Rf1 52. Be3 Rf3 53.
Bd2 Rxg3 54. Na7 Kf8 55. Rb7 Re8 56. Rh7 Re2 57. Ba5 Rxh3 58. Bc7 Kg8 59. Rh6
Kg7 60. Rxd6 Rc2+ 61. Kb5 h4 62. Rd7+ Kg6 63. Nc8 Rb3+ 64. Kc6 h3 65. Be5 h2
66. Rg7+ Kh6 67. Ne7 1-0

[Event "Sportsko leto 2013"]
[Site "Paracin, hotel "]
[Date "2013.07.09"]
[Round "6.37"]
[White "Stojkovska, Monika"]
[Black "Banovic, Ivan"]
[Result "1/2-1/2"]
[WhiteElo "2005"]
[BlackElo "2188"]
[PlyCount "74"]
[EventDate "2013.07.05"]

1. e4 c5 2. Nf3 d6 3. d4 cxd4 4. Qxd4 a6 5. c4 Nc6 6. Qe3 g6 7. Nc3 Bg7 8. Be2
Nf6 9. h3 O-O 10. O-O Nd7 11. Rb1 a5 12. a3 a4 13. Nb5 Nc5 14. Nfd4 Bd7 15. b4
axb3 16. Nxb3 Nxb3 17. Rxb3 Na5 18. Rb4 Rc8 19. Bd2 Be6 20. Rc1 Rc5 21. Nd4 Bd7
22. Nb3 Nxb3 23. Qxb3 Bc6 24. Bf3 Bd4 25. Qd3 Bf6 26. Be3 Ra5 27. Bb6 Qa8 28.
Bxa5 Qxa5 29. Rcb1 Ra8 30. R1b3 Qc5 31. Rb1 Bd4 32. Rf1 Qa7 33. Rb3 e5 34. Qe2
Ba4 35. Rbb1 Bc6 36. Rb3 Ba4 37. Rbb1 Bc6 1/2-1/2

[Event "Sportsko leto 2013"]
[Site "Paracin, hotel "]
[Date "2013.07.09"]
[Round "6.38"]
[White "Scekic, Veljko"]
[Black "Tadic, Katarina"]
[Result "1/2-1/2"]
[WhiteElo "2181"]
[BlackElo "2069"]
[PlyCount "124"]
[EventDate "2013.07.05"]

1. d4 Nf6 2. Nf3 g6 3. g3 Bg7 4. c4 O-O 5. Bg2 c6 6. O-O d6 7. Nc3 Qb6 8. h3
Qa6 9. b3 b5 10. cxb5 cxb5 11. Ng5 Bb7 12. Nge4 Nbd7 13. Qd3 Nxe4 14. Nxe4 Rac8
15. Bd2 Qb6 16. Be3 Bd5 17. Rac1 Qb7 18. f3 b4 19. Qd2 a5 20. Bh6 f5 21. Bxg7
Kxg7 22. Nf2 Nf6 23. Rfe1 Rxc1 24. Rxc1 Rc8 25. Rxc8 Qxc8 26. e4 Bb7 27. exf5
Qxf5 28. g4 Qd5 29. Qe3 e5 30. dxe5 dxe5 31. Qa7 g5 32. Qb8 Kg6 33. Qc7 Bc6 34.
Qe7 Ng8 35. Qf8 Nf6 36. h4 gxh4 37. g5 Ng8 38. Bh3 e4 39. Nxe4 Qd1+ 40. Kg2
Qe2+ 41. Nf2 Qe8 42. Bf5+ Kxg5 43. Ne4+ Kf4 44. Qg7 Bxe4 45. fxe4 Qd8 46. Qg4+
Ke5 47. Qe2 Qg5+ 48. Kh1 Qc1+ 49. Kg2 Qg5+ 50. Kh1 Qg3 51. Bc8 Kf4 52. Qd2+
Kxe4 53. Bb7+ Kf5 54. Qd5+ Kf6 55. Qd4+ Ke7 56. Qe4+ Kf6 57. Qd4+ Ke7 58. Qe4+
Kf6 59. Qd4+ Ke7 60. Qe4+ Kf6 61. Qd4+ Kg5 62. Qg7+ Kf4 1/2-1/2

[Event "Sportsko leto 2013"]
[Site "Paracin, hotel "]
[Date "2013.07.09"]
[Round "6.39"]
[White "Marjanovics, Annamaria"]
[Black "Djordjevic, Vuk"]
[Result "1/2-1/2"]
[WhiteElo "2002"]
[BlackElo "2138"]
[PlyCount "61"]
[EventDate "2013.07.05"]

1. e4 c5 2. Nf3 d6 3. d4 cxd4 4. Nxd4 Nf6 5. Nc3 g6 6. Be3 Bg7 7. f3 O-O 8. Qd2
Nc6 9. O-O-O d5 10. exd5 Nxd5 11. Nxc6 bxc6 12. Bd4 e5 13. Bc5 Re8 14. Ne4 Be6
15. h4 Nf4 16. Qf2 Qa5 17. a3 h6 18. g3 Nd5 19. Nd6 h5 20. Nxe8 Bh6+ 21. Kb1
Nc3+ 22. bxc3 Rb8+ 23. Bb4 Qxa3 24. f4 Rxb4+ 25. cxb4 Ba2+ 26. Ka1 Bb3+ 27. Kb1
Ba2+ 28. Ka1 Bb3+ 29. Kb1 Ba2+ 30. Ka1 Bb3+ 31. Kb1 1/2-1/2

[Event "Sportsko leto 2013"]
[Site "Paracin, hotel "]
[Date "2013.07.09"]
[Round "6.41"]
[White "Bejatovic, Bojana"]
[Black "Van Vliet, Dennis"]
[Result "0-1"]
[WhiteElo "2002"]
[BlackElo "2079"]
[PlyCount "70"]
[EventDate "2013.07.05"]

1. Nf3 d5 2. d4 c5 3. e3 Nf6 4. c4 e6 5. Nbd2 cxd4 6. Nxd4 Nc6 7. Nxc6 bxc6 8.
Be2 Bd6 9. O-O O-O 10. b3 e5 11. cxd5 cxd5 12. Nf3 Qe7 13. Bb2 Bf5 14. Qd2 a5
15. Rfd1 Bb4 16. Bc3 Ne4 17. Bxb4 axb4 18. Qb2 Nc3 19. Rdc1 Rfc8 20. Bf1 Ra3
21. Qd2 h6 22. h3 Qc7 23. Nh4 Bh7 24. Nf3 Rca8 25. Kh1 Be4 26. Be2 Qe7 27. Rxc3
bxc3 28. Qxc3 Rxa2 29. Rxa2 Rxa2 30. Nd2 Bf5 31. Bf3 d4 32. Qc1 Qa7 33. Kh2
dxe3 34. Ne4 exf2 35. Qc4 Qe3 0-1

[Event "Sportsko leto 2013"]
[Site "Paracin, hotel "]
[Date "2013.07.09"]
[Round "6.42"]
[White "Jovanovic, Aleksandar D"]
[Black "Colovic, Zoran"]
[Result "1-0"]
[WhiteElo "2229"]
[BlackElo "2112"]
[PlyCount "61"]
[EventDate "2013.07.05"]

1. c4 Nf6 2. g3 e5 3. Bg2 Bc5 4. b3 Nc6 5. Bb2 O-O 6. Nc3 d6 7. Nf3 Bg4 8. h3
Be6 9. O-O Qd7 10. Kh2 Bf5 11. Nh4 Bg6 12. f4 exf4 13. Rxf4 Rfe8 14. Rxf6 gxf6
15. Nd5 Re6 16. d4 Bb6 17. Nxb6 axb6 18. d5 Re3 19. dxc6 bxc6 20. Qd4 Qe6 21.
Bf3 Re8 22. Rf1 Qe5 23. Qd2 Qg5 24. Rf2 f5 25. Ng2 f4 26. gxf4 Qf5 27. Qd4 R3e5
28. fxe5 dxe5 29. Qh4 Qb1 30. e3 Qf5 31. Bxc6 1-0

[Event "Sportsko leto 2013"]
[Site "Paracin, hotel "]
[Date "2013.07.09"]
[Round "6.44"]
[White "Kuzmanovic, Slobodan"]
[Black "Burovic, Rijad"]
[Result "0-1"]
[WhiteElo "2146"]
[BlackElo "1919"]
[PlyCount "64"]
[EventDate "2013.07.05"]

1. e4 e6 2. d4 d5 3. Nc3 Bb4 4. e5 c5 5. a3 Bxc3+ 6. bxc3 Ne7 7. Nf3 b6 8. Bb5+
Bd7 9. Bd3 Ba4 10. O-O c4 11. Be2 Nbc6 12. Ng5 h6 13. Nh3 Qd7 14. Nf4 O-O-O 15.
Nh5 g6 16. Nf6 Qc7 17. Bf4 Ng8 18. Nxg8 Rdxg8 19. Qd2 g5 20. Be3 Ne7 21. Bh5
Nf5 22. h3 Qe7 23. g3 f6 24. exf6 Qxf6 25. Kh2 Nd6 26. f3 Nf5 27. Bg4 Bxc2 28.
Qxc2 Nxe3 29. Qa4 Nxf1+ 30. Rxf1 Kb8 31. Re1 h5 32. Rxe6 Qf7 0-1

[Event "Sportsko leto 2013"]
[Site "Paracin, hotel "]
[Date "2013.07.09"]
[Round "6.45"]
[White "Dodic, Dragan"]
[Black "Kovacevic, Bozidar"]
[Result "1-0"]
[WhiteElo "2141"]
[BlackElo "1933"]
[PlyCount "99"]
[EventDate "2013.07.05"]

1. d4 Nf6 2. c4 g6 3. Nc3 d5 4. Nf3 Bg7 5. Qb3 dxc4 6. Qxc4 Nfd7 7. e4 Nb6 8.
Qd3 Bg4 9. Be3 Bxf3 10. gxf3 Nc6 11. Rd1 O-O 12. f4 f5 13. e5 Nb4 14. Qb5 Nc2+
15. Ke2 Nxe3 16. fxe3 c6 17. Qb3+ Kh8 18. Bg2 Qc8 19. d5 g5 20. dxc6 bxc6 21.
Kf2 gxf4 22. exf4 Bh6 23. Ne2 Qe8 24. Bf3 e6 25. Rd6 Nd5 26. Bxd5 cxd5 27. Qh3
Bg7 28. Rc1 Rc8 29. Rxc8 Qxc8 30. Qc3 Qe8 31. Ng3 Qa4 32. Ne2 Re8 33. Qc6 Qxc6
34. Rxc6 Kg8 35. Nd4 Kf7 36. Rc7+ Re7 37. Rxe7+ Kxe7 38. Nc6+ Kd7 39. Nxa7 Bf8
40. Ke2 Kc7 41. Nb5+ Kd7 42. Nd4 Bc5 43. Nf3 h6 44. Ne1 Bg1 45. h3 Kc6 46. Nf3
Bc5 47. h4 Kb5 48. h5 Be7 49. a3 Bc5 50. b4 1-0